00705nam a2200193Ia 450000500170000000800460001702000180006303700140008104000200009504100130011508400250012824500970015324500560025026000440030630000090035094200240035999900210038395201070040420250508165902.0008 250505s9999 xx 000 0 eng d a81-89915-38 X aReference aFEDLbengcFEDL aeng2eng a371.39, IND/RRqFEDL 0aInternational conference on ICT for education: Abstracts- in- original : 27 th January, 2018 0cIndia. Human Resource Development, (Ministry of...) aDelhi, IndiabUniversity of Delhic2018 a29p. cREFh371.39, IND/RR c1398001d1398001 00104070aFEDLbFEDLd2025-05-08l0o371.39, IND/RRpEL0091660r2025-05-08 16:59:02w2025-05-08yREF